1767 1001 1112 1519 1002 1186 1243 1728 1999 1015 1301 1392 1531 1030 1396 1152 1843 1422 1977 1572 1504 1142 1840 1013 1402 1130 1478 1197 1629 1630 1030 1188 1936 1827 1550 1893 1158 1802 1905 1835 1845 1009 1487 1332 1435 1141 1744 1338 1941 1593 1565 1545 1520 1721 1161 1732 1520 1328 1949 1124 1623 1851 1596 1046 1354 1026 1124 1642 1917 1070 1918 1084 1544 1445 1073 1878 1835 1063 1917 1966 1750 1189 1563 1520 1193 1558 1392 1548 1055 1429 1562 1826 1034 1827 1000 1222 1784 1625 1243 BCNSPRNW ULIB Ver.6.0+V

เปลี่ยนเป็นภาษาไทย

Change to English
 แสดงรายละเอียดบรรณานุกรม
  กลับหน้าหลัก

Brief Record : Get Marc (ISO 2709) : E-mail record : QR code < ปิดหน้าต่าง
LEADER : 00000nam 2200000uu 4500
001    13399113369
003     ULIB
008    110627s2551||||th 000 0 tha d
020    9789741033638
090    นว.^bด812S 2551
100 0  เด็กทะเล
245 00 Silver Rain...หยาดฝนสีน้ำเงิน/^cเด็กทะเล
250    พิมพ์ครั้งที่ 3
260    กรุงเทพฯ :^bอมรินทร์,^c2551
300    345 หน้า
710 1  อมรินทร์
945    ^p219^l0^i023592
995    ทศพร
999 ^a ใช้งานได้ทุกระบบ
รายการนี้ยังไม่มีแท็ก
คุณยังไม่ได้ล็อกอิน คุณสามารถมีกิจกรรมร่วมกับเว็บไซต์ได้ แต่ต้องล็อกอินก่อน ::
  ล็อกอิน

รายการสื่อสารสนเทศ

ลำดับที่ ประเภท เลขเรียก/บาร์โค้ด สถานที่ สถานะ
- ไม่พบข้อมูล -

รายการใกล้เคียง
    ผู้แต่ง [เด็กทะเล]

BibComment


ยังไม่เคยถูกคอมเมนท์

คอมเมนท์ทรัพยากรรายการนี้
  คอมเมนท์: Silver Rainหยาดฝน..


 Copyright 2026. Bcnsprnw @Library